| 000 | 00964nam a2200265Ia 4500 | ||
|---|---|---|---|
| 003 | GCL | ||
| 008 | 140319s9999 xx 000 0 ara d | ||
| 020 | _a41931729 | ||
| 040 |
_aGCL / _cGCL |
||
| 082 | 0 | 4 |
_aد _b050 _bط أ |
| 245 | 1 | 0 |
_aاسلامية المعرفة : _bمجلة فكرية فصلية محكمة يصدرها المعهد العالمى للفكر الاسلامى |
| 250 | _aالاولى | ||
| 260 |
_aبيروت : _bالمعهد العالمى للفكر الاسلامى ، _c2004 |
||
| 300 |
_a330ص ؛ _c24 ص |
||
| 650 | 0 | 4 | _aالاسلام والمجتمع |
| 650 | 0 | 4 | _aالتاريخ الاسلامى |
| 650 | 0 | 4 | _aالبحوث الاسلامية |
| 650 | 0 | 4 | _aالتغير الاجتماعى |
| 650 | 0 | 4 | _aالاصولية |
| 650 | 0 | 4 | _aالخطابة الدينية |
| 650 | 0 | 4 | _aالقران - تفاسير |
| 650 | 0 | 4 | _aالثقافة - العولمة |
| 650 | 0 | 4 | _aالمرأة فى الاسلام |
| 942 |
_2ddc _cBK |
||
| 999 |
_c7674 _d7674 |
||